Statistics for Guess The Country - Monarchy

Click here to take the quiz!

General Stats

  • This quiz has been taken 2,145 times
    (790 since last reset)
  • The average score is 15 of 29

Answer Stats

HintBirth YearReigned SinceAnswer% Correct
King Salman bin Abdul'aziz al Saud193523 January 2016Saudi Arabia
91%
Emperor Naruhito19601 May 2019Japan
82%
Queen Elizabeth II19266 February 1952United Kingdom (and 15 Commonwealth Realms)
78%
Pope Francis193613 March 2013Vatican City
78%
Queen Margrethe II194014 January 1972Denmark
69%
King Felipe VI196819 June 2014Spain
68%
King Carl XVI Gustaf194615 September 1973Sweden
62%
President Khalifa bin Zayed19483 November 2004United Arab Emirates
62%
Prince Albert II19586 April 2005Monaco
61%
King Willem-Alexander196730 April 2013Netherlands
60%
Co-Princes President Emmanuel Macron & Bishop Joan Enric Vives1977 & 194914 May 2017 & 12 May 2003Andorra
56%
Grand Duke Henri19557 October 2000Luxembourg
56%
King Harald V193717 January 1991Norway
56%
Emir Sabah al-Ammad192929 January 2006Kuwait
53%
Emir Tamim bin Hammad198025 June 2013Qatar
53%
King Phillipe196021 July 2013Belgium
51%
King Mswata III196825 April 1986Eswatini
50%
Prince Hans-Adam II194513 November 1989Liechtenstein
47%
King Mohammed VI196323 July 1999Morocco
47%
King Abdullah II19627 February 1999Jordan
44%
King Letsie III19637 February 1996Lesotho
43%
King Vajiralongkorn195213 October 2016Thailand
43%
Sultan Hassanal Bolkiah19464 October 1967Brunei
40%
Sultan Haitham bin Tariq195411 January 2020Oman
38%
King Jigme Khesar Namgyel Wangchuck198014 December 2006Bhutan
34%
King Norodom Sihamoni196314 October 2004Cambodia
32%
King Tupou VI195918 March 2012Tonga
31%
Yang di-Pertuan Angong (King) Abdullah195931 January 2019Malaysia
29%
King Hamad ibn Isa19506 March 1999Bahrain
24%

Score Distribution

Percentile by Number Answered

Percent of People with Each Score

Your Score History

You have not taken this quiz since the last reset